| 000 | 00639nam a22001577a 4500 | ||
|---|---|---|---|
| 003 | OSt | ||
| 005 | 20150928173653.0 | ||
| 008 | 150928b xxu||||| |||| 00| 0 eng d | ||
| 040 | _cRUA | ||
| 082 | _aATM.Sp THA 2003 B059 Or.1 | ||
| 100 |
_91518 _aTHAN, BUNTHON. |
||
| 245 | _aComparison of the yield of straw mushroom cultivated on using rice straw water yacin substrat, ការប្រៀបធៀបទិន្នផលនៃដំណាំផ្សិតចំបើងលើល្បាយបីប្រភេទផ្សេងគ្នា | ||
| 260 |
_aPhnom Penh _bRUA _c2003 |
||
| 300 |
_a40p. _bill. _c29cm. |
||
| 942 |
_2ddc _cATMSP |
||
| 999 |
_c1428 _d1428 |
||